All Minecraft Music Discs - Statistics

General Stats
  • This quiz has been taken 63 times
  • The average score is 9 of 16
Answer Stats
Answer % Correct
Cat
90%
Pigstep
87%
13
77%
11
72%
Mellohi
62%
Chirp
59%
Otherside
59%
Blocks
56%
Mall
54%
Stal
54%
5
49%
Strad
49%
Far
46%
Relic
44%
Ward
44%
Wait
41%
No matching quizzes found
Score Distribution
Percent of People with Each Score
Percentile by Number Answered
Your Score History
You have not taken this quiz